Brownfield Sites (Record no. 119966)

MARC details
000 -LEADER
fixed length control field 00884cam a2200193 4500
001 - CONTROL NUMBER
control field WS116335
008 - FIXED-LENGTH DATA ELEMENTS--GENERAL INFORMATION
fixed length control field 020116n 000 0 eng u
035 ## - SYSTEM CONTROL NUMBER
System control number (Sirsi) u116335
245 ## - TITLE STATEMENT
Title Brownfield Sites
520 ## - SUMMARY, ETC.
Summary, etc. Web site which describes itself as "Europe's first point of reference on brownfield redevelopment". Includes news, information and advice from authoritative sources and explains the possibilities offered by brownfield development. also includes a searchable list of available sites, a guide to grants, funding and insurance and a business directory.
650 ## - SUBJECT ADDED ENTRY--TOPICAL TERM
Topical term or geographic name entry element BROWNFIELD SITES
650 ## - SUBJECT ADDED ENTRY--TOPICAL TERM
Topical term or geographic name entry element GRANTS
650 ## - SUBJECT ADDED ENTRY--TOPICAL TERM
Topical term or geographic name entry element FUNDING
650 ## - SUBJECT ADDED ENTRY--TOPICAL TERM
Topical term or geographic name entry element Insurance
9 (RLIN) 6249
650 ## - SUBJECT ADDED ENTRY--TOPICAL TERM
Topical term or geographic name entry element BROWNFIELD DEVELOPMENT
690 ## - LOCAL SUBJECT ADDED ENTRY--TOPICAL TERM (OCLC, RLIN)
Topical term or geographic name as entry element PROPERTY-PROPERTY DEVELOPMENT
856 40 - ELECTRONIC LOCATION AND ACCESS
Uniform Resource Identifier <a href="https://www.brownfieldsites.com">https://www.brownfieldsites.com</a>
Public note View the website free of charge at www.brownfieldsites.com...
942 ## - ADDED ENTRY ELEMENTS (KOHA)
Suppress in OPAC 0
Holdings
Withdrawn status Lost status Source of classification or shelving scheme Damaged status Not for loan Home library Current library Shelving location Date acquired Total Checkouts Full call number Barcode Date last seen Copy number Price effective from Koha item type
    Dewey Decimal Classification     Virtual Virtual Online 16/01/2002   WEB SITES 116335-2001 06/08/2019 1 06/08/2019 Online material